书目信息 |
| 题名: |
中国旅游地理
|
|
| 作者: | 吴国清 著 | |
| 分册: | ||
| 出版信息: | 上海 上海人民出版社 2006 |
|
| 页数: | 392页 | |
| 开本: | 21cm | |
| 丛书名: | ||
| 单 册: | ||
| 中图分类: | F592.99 | |
| 科图分类: | ||
| 主题词: | 旅游地理学--中国 , 旅游地理学 | |
| 电子资源: | ||
| ISBN: | 7-208-05829-6 | |
| 000 | 00776nam0 2200253 450 | |
| 001 | 012007758309 | |
| 005 | 20070530143922.43 | |
| 010 | @a7-208-05829-6@dCNY26.00 | |
| 100 | @a20070508d2006 km y0chiy0120 ea | |
| 101 | 0 | @achi |
| 102 | @aCN@b310000 | |
| 105 | @aa z 000yy | |
| 106 | @ar | |
| 200 | 1 | @a中国旅游地理@Azhong guo lu you di li@f吴国清著@Fwu guo qing zhu |
| 205 | @a2版 | |
| 210 | @a上海@c上海人民出版社@d2006 | |
| 215 | @a392页@c图@d21cm | |
| 330 | @a本书对第一版作了较大改动,更新了基础理论和中国各大区的旅游线路,增加了大量新景区的介绍。本书给旅游爱好这提供了一个参考。 | |
| 606 | 0 | @a旅游地理学@y中国 |
| 606 | 0 | @a旅游地理学 |
| 690 | @aF592.99@v4 | |
| 701 | 0 | @a吴国清@Awu guo qing@4著 |
| 801 | 0 | @aCN@bRULIN@c20070530 |
| 905 | @dF592.99@e132=2@s8 | |
| 中国旅游地理/吴国清著.-2版.-上海:上海人民出版社,2006 |
| 392页:图;21cm |
| ISBN 7-208-05829-6:CNY26.00 |
| 本书对第一版作了较大改动,更新了基础理论和中国各大区的旅游线路,增加了大量新景区的介绍。本书给旅游爱好这提供了一个参考。 |
| ● |
| 相关链接 |
|
|
|
|
正题名:中国旅游地理
索取号:F592.99/132=2
 
预约/预借
| 序号 | 登录号 | 条形码 | 馆藏地/架位号 | 状态 | 备注 |
| 1 | 0572041 | 205720415 | 第一样本阅览室/ [索取号:F592.99/132=2] | 在馆 | |
| 2 | 0572042 | 205720424 | 密集书库/ [索取号:F592.99/132=2] | 在馆 | |
| 3 | 0572043 | 205720433 | 第一借阅区/ [索取号:F592.99/132=2] | 在馆 | |
| 4 | 0572044 | 205720442 | 第一借阅区/ [索取号:F592.99/132=2] | 在馆 | |
| 5 | 0572045 | 205720451 | 密集书库/ [索取号:F592.99/132=2] | 在馆 | |
| 6 | 0572046 | 205720460 | 第一借阅区/ [索取号:F592.99/132=2] | 在馆 | |
| 7 | 0572047 | 205720479 | 密集书库/ [索取号:F592.99/132=2] | 在馆 | |
| 8 | 0572048 | 205720488 | 第一借阅区/ [索取号:F592.99/132=2] | 在馆 |